| 000 | 00453nam a2200157 a 4500 | ||
|---|---|---|---|
| 001 | 000017085 | ||
| 005 | 20200929165021.0 | ||
| 008 | 100317s1909 dr ac 000 0 spa d | ||
| 040 |
_aDO-SdBNP _bspa _cBNPHU |
||
| 082 |
_axxx _bB142r |
||
| 100 | 1 |
_aBáez, Damián _937677 |
|
| 245 | 1 | 0 |
_aReglamento del comité de festejos de Santo Domingo / _cDamián Báez. |
| 260 |
_a[Santo Domingo] : _b[s.n.], _c[1909]. |
||
| 300 |
_a110 p. ; _c23 cm. |
||
| 049 | _aBNPD | ||
| 999 |
_c16611 _d16611 |
||